Super Rugby Pacific 2026 Teams - Statistics

General Stats
  • This quiz has been taken 26 times
  • The average score is 10 of 11
Answer Stats
Country/Region Team % Correct
New Zealand Blues
96%
New Zealand Crusaders
96%
Australia Reds
96%
New Zealand Highlanders
92%
New Zealand Hurricanes
92%
Australia Brumbies
88%
New Zealand Chiefs
88%
Pacific Islands Moana Pasifika
79%
Australia Waratahs
79%
Fiji Fijian Drua
75%
Australia Force
75%
No matching quizzes found
Score Distribution
Percent of People with Each Score
Percentile by Number Answered
Your Score History
You have not taken this quiz